| 000 | 00588 a2200193 4500 | ||
|---|---|---|---|
| 999 |
_c183053 _d183053 |
||
| 005 | 20211215152107.0 | ||
| 010 | _aENG-130333 | ||
| 020 |
_c260.00 _a978-93-88424-56-1 |
||
| 035 | _aEN-113865 | ||
| 037 | _bDBAD / PUB | ||
| 082 | _a158.1 | ||
| 100 | _aPathaka, Preeti | ||
| 245 |
_aEnrich Life: _cPreeti Pathak |
||
| 250 | _a2019 | ||
| 260 |
_bVishwakarma Publications _c2019 _aPune |
||
| 270 |
_bPune _a34A/1, Suyog Center, 7th Floor, Gultekadi Marketyard Road, Giridhar Bhavan Chowk _e411037 |
||
| 300 |
_a196p. _c22cm (pbk) |
||
| 942 |
_adpl _cEN _2ddc _h158.1 _mPAT |
||